Portugal em Africa (Record no. 159044)
[ view plain ]
| 000 -LEADER | |
|---|---|
| campo de control de longitud fija | 00739nam a22001935i 4500 |
| 001 - NÚMERO DE CONTROL | |
| campo de control | 159044 |
| 003 - IDENTIFICADOR DE NÚMERO DE CONTROL | |
| campo de control | ES-MaACL |
| 005 - FECHA Y HORA DE LA ÚLTIMA TRANSACCIÓN | |
| campo de control | 20251014063227.0 |
| 008 - DATOS DE LONGITUD FIJA--INFORMACIÓN GENERAL | |
| campo de control de longitud fija | 010406s1891 po |||| | por d |
| 100 1# - ENTRADA PRINCIPAL--NOMBRE DE PERSONA | |
| Nombre de persona | Martins, Oliveira, |
| Fechas asociadas al nombre | 1845-1894 |
| 9 (RLIN) | 129586 |
| 245 10 - MENCIÓN DEL TÍTULO | |
| Título | Portugal em Africa |
| Resto del título | : a questão colonial, o conflicto anglo-portuguez / |
| Mención de responsabilidad, etc. | por J.P. Oliveira Martins. |
| 260 ## - PUBLICACIÓN, DISTRIBUCIÓN, ETC. | |
| Lugar de publicación, distribución, etc. | Porto : |
| Nombre del editor, distribuidor, etc. | Lugan & Genelioux, Successores, |
| Fecha de publicación, distribución, etc. | 1891 ( |
| Fabricante | Typ. de A.J. da Silva Teixeira) |
| 300 ## - DESCRIPCIÓN FÍSICA | |
| Extensión | XI, 240 p. ; |
| Dimensiones | 20 cm. |
| 490 1# - MENCIÓN DE SERIE | |
| Mención de serie | Carteira de um jornalista ; |
| Designación de volumen o secuencia | 1 |
| 651 ## - PUNTO DE ACCESO ADICIONAL DE MATERIA--NOMBRE GEOGRÁFICO | |
| Nombre geográfico | Portugal- |
| Subdivisión general | Colonias- |
| Subdivisión geográfica | África. |
| 9 (RLIN) | 9250 |
| 830 1# - PUNTO DE ACCESO ADICIONAL DE SERIE-TÍTULO UNIFORME | |
| Título uniforme | Carteira de um jornalista ; |
| Designación de volumen o secuencia | 1 |
| 9 (RLIN) | 221903 |
| 852 ## - LOCALIZACIÓN | |
| Ubicación | ES-MaACL |
| Número de control de estantería | F-7931 |
| Nota libre | - Enc. hol. |
| Estatus retirado | Estado de pérdida | Estado de daño | No para préstamo | Colección | Biblioteca de origen | Biblioteca actual | Ubicación en estantería | Fecha de adquisición | Fuente de adquisición | Total de préstamos | Signatura topográfica completa | Código de barras | Visto por última vez | Precio de reemplazo | Tipo de ítem Koha |
|---|---|---|---|---|---|---|---|---|---|---|---|---|---|---|---|
| Libros del s. XIX | Biblioteca del Ateneo de Madrid | Biblioteca del Ateneo de Madrid | Sala Pecera Planta 2 | 17/01/2008 | F-7931 | 1166494 | 23/02/2023 | 23/02/2023 | Libro impreso antiguo |
